MARC

LEADER 00000nam0a2200000 4500
001 26796
005 20231030201807.0
010 |a 5937000099 
035 |a (RuTPU)RU\TPU\book\27040 
035 |a BOOK00027115 
090 |a 26796 
100 |a 20011209d2000 m y0rusy50 ca 
101 1 |a rus  |c eng 
102 |a RU 
105 |a а z 001zy 
200 1 |a Язык UML. Руководство пользователя  |e пер. с англ.  |f Г. Буч, Д. Рамбо, А. Джекобсон 
210 |a Москва  |c ДМК  |d 2000 
215 |a 432 с.  |c ил. 
225 1 |a Для программистов 
610 1 |a информатика 
610 1 |a языки моделирования 
610 1 |a UML 
610 1 |a структурное моделирование 
610 1 |a архитектурное моделирование 
675 |a 681.3.06:800.92  |v 3 
700 1 |a Буч  |b Г.  |g Грейди 
701 1 |a Рамбо  |b Дж.  |g Джеймс 
701 1 |a Джекобсон  |b А.  |g Айвар 
801 0 |a RU  |b 63413507  |c 20011209  |g PSBO 
801 2 |a RU  |b 63413507  |c 20081016  |g PSBO 
942 |c BK